Community heating schemes (Record no. 117001)
[ view plain ]
| 000 -LEADER | |
|---|---|
| fixed length control field | 01052cam a2200217 4500 |
| 001 - CONTROL NUMBER | |
| control field | WB4005-02 |
| 008 - FIXED-LENGTH DATA ELEMENTS--GENERAL INFORMATION | |
| fixed length control field | 040204n2004 000 0 eng u |
| 035 ## - SYSTEM CONTROL NUMBER | |
| System control number | (Sirsi) u125032 |
| 245 ## - TITLE STATEMENT | |
| Title | Community heating schemes |
| 260 ## - PUBLICATION, DISTRIBUTION, ETC. | |
| Date of publication, distribution, etc. | 2004 |
| 490 ## - SERIES STATEMENT | |
| Series statement | DEFRA News Release |
| Volume/sequential designation | (33/04) 3 February 2004, (2) |
| 520 ## - SUMMARY, ETC. | |
| Summary, etc. | The government has issued more funds under its Community Energy programme. A further £6million has been added to the £22million previously awarded. These grants will help reduce energy bills and greenhouse gases and reduce and fuel poverty. The combined projects are expected to cut carbon emissions by almost 4 000 tonnes a year. One scheme will see the first extraction of minewater heat on a large scale in Scotland. http://www.defra.gov.uk/news/2004/04020a.htm |
| 590 ## - LOCAL NOTE (RLIN) | |
| Local note | WB |
| 590 ## - LOCAL NOTE (RLIN) | |
| Local note | WB |
| 650 ## - SUBJECT ADDED ENTRY--TOPICAL TERM | |
| Topical term or geographic name entry element | COMMUNITY ENERGY PROGRAMME |
| 650 ## - SUBJECT ADDED ENTRY--TOPICAL TERM | |
| Topical term or geographic name entry element | RENEWABLE ENERGY SOURCES |
| 650 ## - SUBJECT ADDED ENTRY--TOPICAL TERM | |
| Topical term or geographic name entry element | CARBON EMISSIONS |
| 650 ## - SUBJECT ADDED ENTRY--TOPICAL TERM | |
| Topical term or geographic name entry element | COMMUNITY HEATING SYSTEMS |
| 690 ## - LOCAL SUBJECT ADDED ENTRY--TOPICAL TERM (OCLC, RLIN) | |
| Topical term or geographic name as entry element | BUILDING AND CONSTRUCTION-ENERGY MANAGEMENT |
| 942 ## - ADDED ENTRY ELEMENTS (KOHA) | |
| Suppress in OPAC | 0 |
| Withdrawn status | Lost status | Source of classification or shelving scheme | Damaged status | Not for loan | Home library | Current library | Shelving location | Date acquired | Total Checkouts | Full call number | Barcode | Date last seen | Copy number | Price effective from | Koha item type |
|---|---|---|---|---|---|---|---|---|---|---|---|---|---|---|---|
| Dewey Decimal Classification | London | London | News article | 16/02/2004 | WB4005-02 | 125032-1001 | 06/08/2019 | 1 | 06/08/2019 | News article |